书目信息 |
| 题名: |
膜下滴灌水稻品质育种
|
|
| 作者: | 银永安 主编 | |
| 分册: | ||
| 出版信息: | 北京 中国农业出版社 2018 |
|
| 页数: | 160页 | |
| 开本: | 21cm | |
| 丛书名: | 现代节水高产高效产业 | |
| 单 册: | ||
| 中图分类: | S511.071 | |
| 科图分类: | ||
| 主题词: | 水稻栽培--shui dao zai pei--地膜栽培--滴灌 | |
| 电子资源: | ||
| ISBN: | 978-7-109-25024-6 | |
| 000 | 01092nam 2200277 450 | |
| 001 | 012001000599 | |
| 005 | 20140106132611.0 | |
| 010 | @a978-7-109-25024-6@dCNY30.00 | |
| 099 | @aCAL 012019029977 | |
| 100 | @a20190308d2018 em y0chiy50 ea | |
| 101 | 0 | @achi |
| 102 | @aCN@b110000 | |
| 105 | @aak a 000yy | |
| 106 | @ar | |
| 200 | 1 | @a膜下滴灌水稻品质育种@Amo xia di guan shui dao pin zhi yu zhong@f银永安主编 |
| 210 | @a北京@c中国农业出版社@d2018 | |
| 215 | @a160页@c图@d21cm | |
| 225 | 2 | @a现代节水高产高效产业@Axian dai jie shui gao chan gao xiao chan ye |
| 320 | @a有书目 (第157-160页) | |
| 330 | @a膜下滴灌栽培为西北干旱地区新兴的栽培模式, 本书为膜下滴灌水稻栽培相关研究的论文集, 内容涉及水稻膜下滴灌栽培技术在我国发展的优势及前景分析、膜下滴灌水稻技术创新与发展等。分为膜下滴灌水稻部分、膜下滴灌玉米部分、膜下滴灌小麦部分。 | |
| 410 | 0 | @12001 @a现代节水高产高效产业 |
| 606 | 0 | @a水稻栽培@Ashui dao zai pei@x地膜栽培@x滴灌 |
| 690 | @aS511.071@v5 | |
| 701 | 0 | @a银永安@Ayin yong an@4主编 |
| 801 | 0 | @aCN@b北京卓展文化@c20191020 |
| 905 | @b1200690-2@dS511.071@e95@f3 | |
| 膜下滴灌水稻品质育种/银永安主编.-北京:中国农业出版社,2018 |
| 160页:图;21cm.-(现代节水高产高效产业) |
| ISBN 978-7-109-25024-6:CNY30.00 |
| 膜下滴灌栽培为西北干旱地区新兴的栽培模式, 本书为膜下滴灌水稻栽培相关研究的论文集, 内容涉及水稻膜下滴灌栽培技术在我国发展的优势及前景分析、膜下滴灌水稻技术创新与发展等。分为膜下滴灌水稻部分、膜下滴灌玉米部分、膜下滴灌小麦部分。 |
| ● |
| 相关链接 |
|
|
|
|
正题名:膜下滴灌水稻品质育种
索取号:S511.071/95
 
预约/预借
| 序号 | 登录号 | 条形码 | 馆藏地/架位号 | 状态 | 备注 |
| 1 | 1200690 | 212006906 | 第二样本阅览室/ [索取号:S511.071/95] | 在馆 | |
| 2 | 1200691 | 212006915 | 第三借阅区/ [索取号:S511.071/95] | 在馆 | |
| 3 | 1200692 | 212006924 | 第三借阅区/ [索取号:S511.071/95] | 在馆 |